|
|
|
|
| LEADER |
00000cam a22000004a 4500 |
| 001 |
musev2_37693 |
| 003 |
MdBmJHUP |
| 005 |
20230905043946.0 |
| 006 |
m o d |
| 007 |
cr||||||||nn|n |
| 008 |
150117s1996 kyu o 00 0 eng d |
| 020 |
|
|
|a 9780813158129
|
| 020 |
|
|
|z 9780813131627
|
| 020 |
|
|
|z 9780813189871
|
| 020 |
|
|
|z 9780813119816
|
| 020 |
|
|
|z 9780813108827
|
| 035 |
|
|
|a (OCoLC)900344593
|
| 040 |
|
|
|a MdBmJHUP
|c MdBmJHUP
|
| 100 |
1 |
|
|a Fox, John,
|c Jr.,
|d 1862-1919.
|
| 245 |
1 |
4 |
|a The Heart of the Hills /
|c John Fox, Jr. ; foreword by Darlene Wilson.
|
| 264 |
|
1 |
|a Lexington :
|b University Press of Kentucky,
|c 1996.
|
| 264 |
|
3 |
|a Baltimore, Md. :
|b Project MUSE,
|c 2016
|
| 264 |
|
4 |
|c ©1996.
|
| 300 |
|
|
|a 1 online resource (432 pages):
|b illustrations.
|
| 336 |
|
|
|a text
|b txt
|2 rdacontent
|
| 337 |
|
|
|a computer
|b c
|2 rdamedia
|
| 338 |
|
|
|a online resource
|b cr
|2 rdacarrier
|
| 490 |
0 |
|
|a Mountain trilogy ;
|v 3
|
| 505 |
0 |
|
|a Cover; Half-title; Title; Copyright; FOREWORD; I; II; III; IV; V; VI; VII; VIII; IX; X; XI; XII; XIII; XIV; XV; XVI; XVII; XVIII; XIX; XX; XXI; XXII; XXIII; XXIV; XXV; XXVI; XXVII; XXVIII; XXIX; XXX; XXXI; XXXII; XXXIII; XXXIV; XXXV; XXXVI; XXXVII; XXXVIII; XXXIX; XL; XLI; XLII; XLIII; XLIV; XLV; XLVI; XLVII; XLVIII.
|
| 520 |
|
|
|a Young Jason Hawn struggles to identify with his father Arch while watching the man work with industrialists and capitalists to take advantage of natural resources in the Kentucky hills.
|
| 588 |
|
|
|a Description based on print version record.
|
| 650 |
|
7 |
|a Mountain life.
|2 fast
|0 (OCoLC)fst01028269
|
| 650 |
|
7 |
|a Environmental protection.
|2 fast
|0 (OCoLC)fst00913324
|
| 650 |
|
7 |
|a FICTION
|x General.
|2 bisacsh
|
| 650 |
|
6 |
|a Vie en montagne
|v Romans, nouvelles, etc.
|
| 650 |
|
6 |
|a Environnement
|x Protection
|v Romans, nouvelles, etc.
|
| 650 |
|
0 |
|a Mountain life
|v Fiction.
|
| 650 |
|
0 |
|a Environmental protection
|v Fiction.
|
| 651 |
|
7 |
|a United States
|z Cumberland Mountains.
|2 fast
|0 (OCoLC)fst01241832
|
| 651 |
|
7 |
|a Kentucky.
|2 fast
|0 (OCoLC)fst01204494
|
| 651 |
|
6 |
|a Kentucky
|v Romans, nouvelles, etc.
|
| 651 |
|
6 |
|a Cumberland, Plateau de
|v Romans, nouvelles, etc.
|
| 651 |
|
0 |
|a Kentucky
|v Fiction.
|
| 651 |
|
0 |
|a Cumberland Mountains
|v Fiction.
|
| 655 |
|
7 |
|a Bildungsromane.
|2 gsafd
|
| 655 |
|
7 |
|a Fiction.
|2 fast
|0 (OCoLC)fst01423787
|
| 655 |
|
4 |
|a Bildungsromane.
|
| 655 |
|
7 |
|a Electronic books.
|2 local
|
| 710 |
2 |
|
|a Project Muse.
|e distributor
|
| 830 |
|
0 |
|a Book collections on Project MUSE.
|
| 856 |
4 |
0 |
|z Texto completo
|u https://projectmuse.uam.elogim.com/book/37693/
|
| 945 |
|
|
|a Project MUSE - Custom Collection
|
| 945 |
|
|
|a Project MUSE - Archive Complete Supplement IV
|
| 945 |
|
|
|a Project MUSE - Archive Literature Supplement IV
|